000 00682nam a2200229 a 4500
008
049 _aMAIN
090 _aHG221
100 1 _aLeslie, James.
245 0 _aMoney and banking/
_cJames Leslie.
245 1 0 _aThe Institute of bankers in scotland diploma year 2:
_bmoney and banking.
260 _aScotland :
_bInstitute of Bankers,
_c?.
300 _aiii, 214 p. :
_bill. ;
_c24 cm.
500 _aIncludes specimen examination papers.
650 0 _aBanks and banking.
650 0 _aMoney.
907 _a.b10228391
_b31-01-07
_c31-01-07
003
005 20230123134346.0
040 _cNUST
942 _cBOOKS
_kHG221
999 _c164525
_d164525